30 découvreurs et inventeurs célèbres - Statistiques

Statistiques générales
  • Ce quiz a été pris 83 fois
  • Le résultat moyen est 14 sur 30
Statistiques - réponses
Hint Réponse % Correct
Le vaccin contre la rage Louis Pasteur
93%
La loi de la gravitation universelle Isaac Newton
90%
Le cinéma Les frères Lumière
88%
La théorie de la relativité Albert Einstein
84%
Le braille Louis Braille
83%
La poubelle Eugène Poubelle
80%
L'imprimerie Johannes Gutenberg
77%
La guillotine Joseph Ignace Guillotin
74%
L'ampoule électrique Thomas Edison
74%
Le téléphone Alexander Graham Bell
70%
La dynamite Alfred Bernhard Nobel
67%
La loi de la poussée Archimède
67%
La bombe atomique Robert Oppenheimer
65%
La pénicilline Alexander Fleming
57%
Le paratonnerre Benjamin Franklin
42%
La montgolfière Les frères Mongolfier
42%
La calculatrice Blaise Pascal
39%
Le réflex conditionnel Ivan Petrovitch Pavlov
35%
La photographie Joseph Nicéphore Niépce
32%
Le premier avion Clément Ader
29%
La radioactivité Henri Becquerel
22%
La boite de conserve Nicolas Appert
17%
La carte à puce Roland Moreno
14%
La pile électrique Alessandro Volta
4%
Le thermomètre à mercure Daniel Gabriel Fahrenheit
4%
L'appareil photo Louis Daguerre
4%
Le stylo à bille Ladislao José Biro
3%
La machine à coudre Barthélemy Thimonnier
1%
la théorie du Big Bang Alexandre Friedmann
0%
Le velcro George de Mestral
0%
Aucun quiz correspondant
Distribution des résultats
% des personnes avec chaque résultat
Percentile par nombre de réponses
Votre historique - résultats
Vous n’avez pas pris ce quiz